Leyes electorales españolas de diputados a Cortes en el siglo XIX (Record no. 9051)

MARC details
000 -LEADER
campo de control de longitud fija 00858nam a2200253 i 4500
001 - NÚMERO DE CONTROL
campo de control 9051
003 - IDENTIFICADOR DE NÚMERO DE CONTROL
campo de control ES-MaACL
005 - FECHA Y HORA DE LA ÚLTIMA TRANSACCIÓN
campo de control 20250728062552.0
007 - CAMPO FIJO DE DESCRIPCIÓN FÍSICA--INFORMACIÓN GENERAL
campo de control de longitud fija t|
008 - DATOS DE LONGITUD FIJA--INFORMACIÓN GENERAL
campo de control de longitud fija 930202s1992 sp ||||1| spa d
020 ## - NÚMERO INTERNACIONAL ESTÁNDAR DEL LIBRO
Número Internacional Estándar del Libro 84-470-0106-7
080 ## - NÚMERO DE LA CLASIFICACIÓN DECIMAL UNIVERSAL
Número de la Clasificación Decimal Universal 342.8(46)"18"
100 1# - ENTRADA PRINCIPAL--NOMBRE DE PERSONA
Nombre de persona Fernández Domínguez, Arturo.
9 (RLIN) 49747
245 10 - MENCIÓN DEL TÍTULO
Título Leyes electorales españolas de diputados a Cortes en el siglo XIX
Resto del título : estudio histórico y jurídico-político /
Mención de responsabilidad, etc. Arturo Fernández Domínguez.
250 ## - MENCION DE EDICION
Mención de edición [1ª ed.].
260 ## - PUBLICACIÓN, DISTRIBUCIÓN, ETC.
Lugar de publicación, distribución, etc. Madrid :
Nombre del editor, distribuidor, etc. Civitas,
Fecha de publicación, distribución, etc. 1992.
300 ## - DESCRIPCIÓN FÍSICA
Extensión 220 p. ;
Dimensiones 20 cm.
490 1# - MENCIÓN DE SERIE
Mención de serie Monografías
500 ## - NOTA GENERAL
Nota general Bibliogr.: p. [205]-213.
650 14 - PUNTO DE ACCESO ADICIONAL DE MATERIA--TÉRMINO DE MATERIA
Término de materia o nombre geográfico como elemento de entrada Derecho electoral-
Subdivisión geográfica España-
Subdivisión cronológica S.XIX.
9 (RLIN) 11707
830 00 - PUNTO DE ACCESO ADICIONAL DE SERIE-TÍTULO UNIFORME
Título uniforme Monografías (Centro de Estudios Benaventanos "Ledo del Pozo")
9 (RLIN) 177262
852 ## - LOCALIZACIÓN
Ubicación ES-MaACL
Número de control de estantería L-16537
Sublocalización o colección R.121127
Holdings
Estatus retirado Estado de pérdida Estado de daño No para préstamo Biblioteca de origen Biblioteca actual Ubicación en estantería Fecha de adquisición Fuente de adquisición Total de préstamos Signatura topográfica completa Código de barras Visto por última vez Precio de reemplazo Tipo de ítem Koha
        Biblioteca del Ateneo de Madrid Biblioteca del Ateneo de Madrid Depósito 2 17/01/2008     L-16537 1009239 23/02/2023 23/02/2023 Libro impreso